1871 1971 1946 1410 1136 1990 1862 1638 1872 1827 1107 1757 1437 1255 1027 1119 1595 1677 1054 1827 1029 1653 1395 1163 1157 1489 1254 1794 1990 1519 1638 1916 1730 1774 1680 1975 1416 1600 1918 1078 1753 1340 1814 1699 1182 1821 1857 1054 1329 1370 1428 1719 1973 1656 1081 1966 1302 1841 1440 1919 1758 1444 1476 1200 1326 1815 1916 1598 1852 1779 1989 1768 1050 1406 1148 1113 1065 1520 1055 1347 1290 1135 1696 1093 1989 1481 1616 1268 1858 1157 1000 1913 1830 1607 1152 1266 1116 1650 1136 BCNSPRNW ULIB Ver.6.0+V

เปลี่ยนเป็นภาษาไทย

Change to English
 แสดงรายละเอียดบรรณานุกรม
  กลับหน้าหลัก

Brief Record : Get Marc (ISO 2709) : E-mail record : QR code < ปิดหน้าต่าง
LEADER : 00000nam 2200000uu 4500
001    13399120731
003     ULIB
008    121005s2552||||th 000 0 tha d
020    ^a9786117023019
050 04 ^aBQ4420.G6^bร649ค
100 0  ^aรุ่งอรุณ
245 10 ^aคู่มือสร้างบุญ อุ่นใจตลอดชาติ /^cรุ่งอรุณ
260    ^aกรุงเทพฯ :^bbusy-day,^c2552
300    ^a237 หน้า
650  7 ^aทำบุญ
945    ^p155^l0^i16184
949    ^aวิภา
999 ^a ใช้งานได้ทุกระบบ
รายการนี้ยังไม่มีแท็ก
คุณยังไม่ได้ล็อกอิน คุณสามารถมีกิจกรรมร่วมกับเว็บไซต์ได้ แต่ต้องล็อกอินก่อน ::
  ล็อกอิน

รายการสื่อสารสนเทศ

ลำดับที่ ประเภท เลขเรียก/บาร์โค้ด สถานที่ สถานะ
1. วิทยาศาสตร์การแพทย์ และสุขภาพ
วิทยาศาสตร์การแพทย์ และสุขภาพ
BQ4420.G6 ร649ค  
  Barcode: 16184
ห้องสมุดวิทยาเขตสวรรค์ประชารักษ์
►หนังสือทั่วไป
บนชั้น

รายการใกล้เคียง
    ผู้แต่ง [รุ่งอรุณ]

    หัวเรื่อง [ทำบุญ]

BibComment


ยังไม่เคยถูกคอมเมนท์

คอมเมนท์ทรัพยากรรายการนี้
  คอมเมนท์: คู่มือสร้างบุญ อ..


 Copyright 2026. Bcnsprnw @Library